| 000 | 00662nam a2200217 a 4500 | ||
|---|---|---|---|
| 005 | 20221129063659.0 | ||
| 008 | 991125s1996 mx 000 0 spa u | ||
| 020 | _a9686640843 | ||
| 035 | _aUPN01000041876 | ||
| 049 | _aCG | ||
| 050 | 4 |
_aQ180.55 _bM4 D56 |
|
| 100 | 1 |
_aDieterich, Heinz, _d1943- _930850 |
|
| 245 | 1 | 0 |
_aNueva guía para la investigación científica / _cHeinz Dieterich. |
| 260 |
_aMéxico : _bPlaneta, _c1996. |
||
| 300 |
_a229 p. : _bil. |
||
| 590 | _a(También localizas un ejemplar en el "Area de Reserva") | ||
| 590 | _aBibliografía Básica (BGTQ) | ||
| 650 | 4 |
_aInvestigación _97412 |
|
| 650 | 4 |
_aMetodología _96963 |
|
| 905 | _aLibro | ||
| 999 |
_c41876 _d41876 |
||